000 00562nam a22001817a 4500
003 PILC
005 20150728144834.0
008 130222t xxu||||| |||| 00| 0 eng d
020 _a9814119504
050 _aHF 5718
_b.B68 2005
082 _aMCSF 658.45
_bB66 2005
100 _a Bovee, Courtland L.
_9801
245 _aBusiness communication today /
_cCourtland L. Bovee, John V. Thill
250 _a6th ed.
260 _aUpper Saddle River, N.J.
_bPearson/Prentice Hall
_c2005.
300 _axxv, 685 pages :
_billustrations ;
_c28 cm.
942 _2lcc
_cBK
999 _c14497
_d14497